| 000 | 00879cam3a220026500 4500 | ||
|---|---|---|---|
| 001 | lce00033799 | ||
| 008 | 750514s1974 bcc 000 0 eng | ||
| 010 | _a 75312516 //r83 | ||
| 015 | _aC*** | ||
| 020 | _a0889220573 | ||
| 035 | _a(Sirsi) r16471 | ||
| 035 | _a(DLC) 75312516 //r83 | ||
| 035 | _a(UPRA)lce00033799 | ||
| 041 | 1 |
_aeng fre _heng fre |
|
| 050 | 0 |
_aPQ3919.2.G88 _bP713 |
|
| 082 | _a842 | ||
| 100 | 1 |
_aGurik, Robert, 1932- _dGurik, Robert, 1932- _6A73903.1 |
|
| 240 | 1 | 0 |
_aProces de Jean-Baptiste M. English _lProces de Jean-Baptiste M. English |
| 245 | 1 | 4 |
_aThe trial of Jean-Baptiste M. / _cRobert Gurik ; translated by Allan Van Meer. |
| 260 |
_aVancouver, B.C. : _bTalonbooks, _c1974. |
||
| 500 | _aTranslation of Le proces de Jean-Baptiste M. | ||
| 500 | _aA play. | ||
| 949 |
_aPQ3919.2.G88 _wlcc _i-11459 _mMAIN _tBOOK _lON-SHELF |
||
| 004 | 16471 | ||
| 999 |
_c159928 _d159928 |
||